00612nam a22001817a 45000050016000000100014000160200026000300350013000560370013000690820008000821000012000902450125001022600048002272700076002753000043003515000019003947000017004132010072604364.0 aENG-96887 a9788182091191c275.00 aEN-80420 bDBAD/PUB a256 aJ Kumar aEngineering physics II :bas per the latest anna university syllabus for second semester /cby J Kumar [and] S Vasudevan aUttar PradeshbMcGraw- Hill Educationc2009 aB-4, Sector- 63, Dist. Gautam Budh Nagar, Noida bUttar Pradeshe201301 aviii, various pagesbill.c24cm, (pbk) aincludes index aVasudevan, S